00798nam a2200229 a 450000100060000000300080000600500170001400800410003102000150007203500200008704000310010704100080013808200220014610000500016824500450021826000520026330000330031550400510034865000110039985600850041085600730049545343BD-RjUL20211209054011.0160725s1999 caua b 001 0 eng  a1559349557 a(BD-RjUL) 45461 aDLCcDLCdDLCdBD-RjUbeng aeng00a160222bLAP 19991 aLayman, C. Stephenq(Charles Stephen),d1950-14aThe power of logic /cC. Stephen Layman. aMountain View, Calif. :bMayfield Pub.,cc1999. aix, 566 p. :bill. ;c24 cm. aIncludes bibliographical references and index. 0aLogic.423Publisher descriptionuhttp://www.loc.gov/catdir/description/mh024/98013617.html413Table of contentsuhttp://www.loc.gov/catdir/toc/mh023/98013617.html